[Event "Chess.com Rapid Wk9 Swiss"]
[Site "chess.com INT"]
[Date "2022.04.09"]
[Round "9"]
[White "Nakamura,Hi"]
[Black "Grischuk,A"]
[Result "1/2-1/2"]
[WhiteElo "2750"]
[BlackElo "2742"]

1.e4 e6 2.d4 d5 3.exd5 exd5 4.Nf3 Nf6 5.Bd3 Bd6 6.h3 O-O 7.O-O Re8 8.c4 dxc4
9.Bxc4 Be6 10.Bxe6 Rxe6 11.Qb3 b6 12.Nc3 Nbd7 13.Bd2 h6 14.Rfe1 Rxe1+ 15.Rxe1 a6
16.Nh4 Nf8 17.Nf5 Qd7 18.g4 Re8 19.Rxe8 Nxe8 20.Qd5 Bb4 21.Qa8 a5 22.a3 Bxc3
23.Bxc3 Nd6 24.Ne3 Qe8 25.Qxe8 Nxe8 26.d5 f6 27.h4 Nd6 28.h5 Nd7 29.Kg2 Kf7
30.Kf3 Ne5+ 31.Ke2 Nd7 32.f4 g6 33.Kf3 f5 34.gxf5 gxh5 35.Be5 Nf6 36.Kg3 a4
37.Kh4 b5 38.Bc3 Ke7 39.Bd4 Kf7 40.Bc3 Ke7 41.Ba5 Kd7 42.Bb4 Ke7 43.Be1 Kd7
44.Ba5 Kd8 45.Bb4 Ke7 46.Nc2 Nxd5 47.Bxd6+ cxd6 48.Kxh5 Kf6 49.Nd4 b4 50.Kxh6 bxa3
51.bxa3 Nxf4 52.Nb5 Kxf5 53.Nxd6+ Ke6 54.Ne4 Nd3 55.Nc3 Nb2 56.Nxa4 Nxa4
57.Kh7 Kd5 58.Kh8 Kc4 59.Kh7 Kb3 60.Kh8 Kxa3  1/2-1/2

[Event "Chess.com Rapid Wk9 KO"]
[Site "chess.com INT"]
[Date "2022.04.10"]
[Round "1.1"]
[White "Nakamura,Hi"]
[Black "Grischuk,A"]
[Result "1-0"]
[WhiteElo "2750"]
[BlackElo "2742"]

1.Nf3 d5 2.d4 Nf6 3.Bf4 c5 4.e3 Nc6 5.Nbd2 Qb6 6.dxc5 Qxb2 7.Rb1 Qc3 8.Bb5 g6
9.O-O Bg7 10.Nb3 O-O 11.Bxc6 bxc6 12.Be5 Qc4 13.Qd4 Qa6 14.Rfe1 Re8 15.h3 Bd7
16.Qb2 Rad8 17.Nbd4 Bf8 18.Qb7 Qxb7 19.Rxb7 Ne4 20.Nb3 e6 21.Rb1 f6 22.Bb2 e5
23.Rxa7 Nxc5 24.Ba3 Ne4 25.Bxf8 Kxf8 26.Nfd2 Nc3 27.Ra1 Re7 28.Nc5 Bf5 29.Ra6 Rc8
30.Ra3 Nb5 31.Rb3 Bxc2 32.Rb2 Na3 33.Rc1 Bf5 34.g4 Be6 35.Rc3 Ra8 36.Rb6 d4
37.Rc1 Nb5 38.Nde4 f5 39.a4 Nc3 40.Nxc3 dxc3 41.Rxc6 Bd7 42.Rf6+ Kg7 43.Rd6 Bxa4
44.Rxc3 Be8 45.Ne6+ Kg8 46.Kg2 Bf7 47.Ng5 Kg7 48.Kg3 Rae8 49.Rcc6 Bg8 50.Rb6 Rf8
51.gxf5 gxf5 52.h4 f4+ 53.Kg4 fxe3 54.fxe3 Rf1 55.h5 Rg1+ 56.Kf5 Rf1+ 57.Ke4 Rg1
58.h6+ Kh8 59.Nf3 Rg4+ 60.Kf5 Rg3 61.Ng5 Rxe3 62.Rd8 Re1 63.Rxg8+  1-0

[Event "Chess.com Rapid Wk9 KO"]
[Site "chess.com INT"]
[Date "2022.04.10"]
[Round "2.2"]
[White "Nakamura,Hi"]
[Black "Fedoseev,Vl3"]
[Result "1-0"]
[WhiteElo "2750"]
[BlackElo "2701"]

1.Nf3 d5 2.b3 Nf6 3.Bb2 e6 4.e3 Be7 5.d4 O-O 6.Nbd2 c5 7.dxc5 Bxc5 8.a3 b6
9.c4 Bb7 10.Be2 a5 11.O-O Qe7 12.cxd5 Bxd5 13.Qb1 Nbd7 14.Rd1 Rfd8 15.Nc4 Rac8
16.a4 Ne4 17.Qa2 Ndf6 18.Nfe5 Qb7 19.Rac1 Nd6 20.Bf1 Nfe4 21.Nxd6 Bxd6 22.Nc4 Bc5
23.Ba1 f6 24.Qe2 Nd6 25.Qg4 Ne4 26.Qe2 Qe7 27.Bb2 Nd6 28.Qg4 Nxc4 29.Bxc4 Bxc4
30.Qxc4 Kf7 31.h4 Bxe3 32.Qxc8 Rxc8 33.Rxc8 Bc5 34.Rcd8 Bxf2+ 35.Kxf2 Qc5+
36.Kg3 Qe3+ 37.Kh2 Qf4+ 38.Kg1 Qe3+ 39.Kh1 Qxb3 40.R1d7+ Kg6 41.Bd4 Qxa4
42.h5+ Kh6 43.Kh2 e5 44.Bf2 Qf4+ 45.Kg1 Qc1+ 46.Rd1 Qb2 47.R8d7 a4 48.Be3+ Kxh5
49.Rxg7 a3 50.g4+ Kh4 51.Bf2+  1-0

[Event "Chess.com Rapid Wk9 KO"]
[Site "chess.com INT"]
[Date "2022.04.10"]
[Round "2.1"]
[White "Fedoseev,Vl3"]
[Black "Nakamura,Hi"]
[Result "1/2-1/2"]
[WhiteElo "2701"]
[BlackElo "2750"]

1.Nf3 Nf6 2.g3 e6 3.Bg2 d5 4.O-O Be7 5.c4 O-O 6.d4 dxc4 7.Qc2 b5 8.a4 Bb7
9.axb5 a6 10.Nc3 axb5 11.Rxa8 Bxa8 12.Nxb5 Bd5 13.Rd1 Nc6 14.Qa4 Nd7 15.Qa1 Nb4
16.Qb1 Nf6 17.Nc3 Bb7 18.Bg5 Qa8 19.Qa1 h6 20.Qxa8 Rxa8 21.Bd2 Rd8 22.Nb5 Bc6
23.Bxb4 Bxb4 24.Na7 Bd5 25.Ne5 Bd6 26.Nec6 Ra8 27.Rc1 Nd7 28.e4 Bxc6 29.Nxc6 Ra2
30.e5 Bf8 31.Rxc4 Rxb2 32.Be4 Nb6 33.Rc1 g5 34.Bf3 Kg7 35.Bh5 Nd5 36.Nd8 Be7
37.Nc6 Ba3 38.Ra1 Rc2 39.Rxa3 Rxc6 40.Rd3 Rc3 41.Rd2 f5 42.exf6+ Kxf6 43.Bg4 Rc6
44.Bf3 Rd6 45.Rc2 c6 46.Kf1 Ne7 47.Rc4 Nf5 48.Bxc6 Nxd4 49.Be4 Ke5 50.Bd3 Nf3
51.Ke2 Nxh2 52.Bg6 Rd4 53.Rxd4 Kxd4 54.f3 g4 55.f4 e5 56.f5 Kd5 57.Bh5 Kd6
58.f6 Ke6 59.f7 Ke7 60.Ke3 Nf1+ 61.Kf2 Nd2 62.Ke3 Nf1+ 63.Kf2 Nd2 64.Ke3 Nf1+  1/2-1/2

[Event "Chess.com Rapid Wk9 KO"]
[Site "chess.com INT"]
[Date "2022.04.10"]
[Round "3.1"]
[White "Aronian,L"]
[Black "Nakamura,Hi"]
[Result "0-1"]
[WhiteElo "2785"]
[BlackElo "2750"]

1.e4 e5 2.Bc4 Nc6 3.d3 Nf6 4.Nc3 Bb4 5.Nf3 d6 6.O-O Bxc3 7.bxc3 Na5 8.Bb3 h6
9.Nd2 g5 10.Re1 Bg4 11.f3 Be6 12.Nf1 Nh5 13.Ne3 Nf4 14.d4 Qf6 15.Ba4+ Kf8
16.Ng4 Qg6 17.dxe5 h5 18.Nf6 Nc4 19.Nd7+ Bxd7 20.Bxd7 dxe5 21.Rb1 Rd8 22.Rxb7 Qa6
23.Bxf4 Qxb7 24.Bxg5 Qb6+ 25.Kh1 f6 26.Bh4 Rh7 27.Qe2 Rhxd7 28.Qxc4 Rd1 29.Qe2 Qb1
30.Kg1 Kg7 31.Kf1 Rxe1+ 32.Bxe1 Qxa2 33.f4 Qf7 34.fxe5 fxe5+ 35.Kg1 Qf4 36.h3 h4
37.Bf2 Rd2 38.Qe1 Qxf2+ 39.Qxf2 Rxf2 40.Kxf2 Kf6  0-1

[Event "Chess.com Rapid W10 Swiss"]
[Site "chess.com INT"]
[Date "2022.04.16"]
[Round "1"]
[White "Sevian,Samuel"]
[Black "Nakamura,Hi"]
[Result "0-1"]
[WhiteElo "2693"]
[BlackElo "2750"]

1.d4 Nf6 2.c4 e6 3.g3 d5 4.Bg2 Be7 5.Nf3 O-O 6.O-O dxc4 7.Ne5 Nc6 8.Nxc6 bxc6
9.Na3 Bxa3 10.bxa3 Ba6 11.Qd2 Rb8 12.Qa5 Qc8 13.a4 Rd8 14.Ba3 Rxd4 15.Bc5 Rd5
16.Bxd5 cxd5 17.Bxa7 Ra8 18.Bc5 e5 19.Be7 Qe6 20.Bxf6 gxf6 21.Qxc7 Rc8 22.Qa7 c3
23.Rfe1 d4 24.Rab1 c2 25.Rbc1 Qd6 26.f3 f5 27.a5 e4 28.fxe4 fxe4 29.Rf1 d3
30.exd3 exd3 31.Qxf7+ Kh8 32.Rce1 Qc5+ 33.Rf2 Bc4 34.Qf6+ Kg8 35.Kg2 Qc6+
36.Qxc6 Rxc6 37.Rc1 Ra6 38.Rd2 Rxa5 39.Kf3 Rxa2  0-1

[Event "Chess.com Rapid W10 Swiss"]
[Site "chess.com INT"]
[Date "2022.04.16"]
[Round "2"]
[White "Nakamura,Hi"]
[Black "Esipenko,Andrey"]
[Result "1-0"]
[WhiteElo "2750"]
[BlackElo "2723"]

1.Nf3 d5 2.e3 Nf6 3.c4 e6 4.b3 Bd6 5.Bb2 O-O 6.g3 b6 7.Bg2 Bb7 8.O-O c5 9.cxd5 Nxd5
10.Nc3 Qe7 11.Nb5 Nc6 12.Nxd6 Qxd6 13.d4 Rad8 14.dxc5 Qxc5 15.Qb1 Qe7 16.a3 e5
17.Rd1 e4 18.Nd4 f5 19.Nxc6 Bxc6 20.Bf1 h6 21.b4 Ba4 22.Qa2 Qe6 23.Bc4 Bc6
24.b5 Bb7 25.Rd2 Rd7 26.Rad1 Rfd8 27.a4 Kh7 28.Qb3 h5 29.h4 f4 30.Kh2 fxe3
31.fxe3 Qf5 32.Rf1 Qg6 33.Rdf2 Nc7 34.Be5 Re7 35.Bf4 Ne6 36.Qc2 Nxf4 37.Rxf4 Bd5
38.Be2 Be6 39.Qxe4 Rd2 40.R1f2 Qxe4 41.Rxe4 g6 42.Kg1 Kg7 43.Bc4 Rxf2 44.Kxf2 Rf7+
45.Ke2 Bg4+ 46.Rxg4  1-0

[Event "Chess.com Rapid W10 Swiss"]
[Site "chess.com INT"]
[Date "2022.04.16"]
[Round "4"]
[White "Nakamura,Hi"]
[Black "Andreikin,D"]
[Result "1-0"]
[WhiteElo "2750"]
[BlackElo "2729"]

1.Nf3 Nf6 2.b3 a5 3.a3 g6 4.Bb2 Bg7 5.d4 O-O 6.g3 b5 7.e3 Ba6 8.Nbd2 d6 9.b4 c5
10.bxc5 dxc5 11.a4 b4 12.Bxa6 Nxa6 13.O-O cxd4 14.Nxd4 Qd5 15.Qe2 Nc5 16.Rfd1 Rfc8
17.N2b3 Nce4 18.f3 Nd6 19.e4 Qc4 20.Rd3 Nd7 21.f4 Nc5 22.e5 Ndb7 23.Re3 Qxe2
24.Nxe2 e6 25.Nbd4 Rd8 26.c3 Bf8 27.Kf1 Rd5 28.g4 Na6 29.Nb3 Nbc5 30.Nxa5 Nd3
31.Nc4 b3 32.Rb1 Rb8 33.a5 Bc5 34.Rf3 Ba7 35.Ba3 Nac5 36.Nd4 Rc8 37.Nd6 Ra8
38.Nc6 Kg7 39.c4 Nxe5 40.fxe5 Rd2 41.Nxa7 Nd3 42.Nc6 b2 43.Rxf7+ Kh6 44.Bxb2 Nxb2
45.Rf2 Rxf2+ 46.Kxf2 Nd3+ 47.Ke3 Nc5 48.h4 Rf8 49.Rb5 Na4 50.Rb7 Nc5 51.Rf7 Ra8
52.Kf3 g5 53.h5 Nd7 54.Nf5+ exf5 55.Rxd7 Rf8 56.Rd6+ Kg7 57.h6+ Kh8 58.Rf6 Rg8
59.e6 f4 60.e7  1-0

[Event "Chess.com Rapid W10 Swiss"]
[Site "chess.com INT"]
[Date "2022.04.16"]
[Round "5"]
[White "Aronian,L"]
[Black "Nakamura,Hi"]
[Result "0-1"]
[WhiteElo "2785"]
[BlackElo "2750"]

1.e4 e5 2.Bc4 Nf6 3.d3 c6 4.Nf3 d5 5.Bb3 Bb4+ 6.Bd2 Bxd2+ 7.Qxd2 dxe4 8.Nxe5 O-O
9.dxe4 Qe7 10.Qg5 Nbd7 11.Nd3 Qxe4+ 12.Kf1 h6 13.Qg3 b6 14.Nc3 Qf5 15.h4 Ba6
16.Kg1 Bxd3 17.Qxd3 Qxd3 18.cxd3 Nc5 19.Bc2 Rad8 20.Rd1 Rd7 21.Rh3 Rfd8 22.Ne2 Ne6
23.Rf3 Nd5 24.d4 Ndc7 25.Rc1 Nb5 26.Bf5 Nexd4 27.Nxd4 Nxd4 28.Bxd7 Ne2+ 29.Kh2 Nxc1
30.Bxc6 Nxa2 31.Ba4 Nb4 32.Bb3 Rd7 33.h5 Kf8 34.g4 Nc6 35.Ba4 Ne5 36.Rf4 Rd2
37.b4 Rd4 38.Rxd4 Nf3+ 39.Kg3 Nxd4 40.Kf4 b5 41.Bd1 Nc6 42.Be2 a6 43.Ke4 Nxb4
44.Kd4 Ke7 45.Kc5 Na2 46.Bf3 b4  0-1

[Event "Chess.com Rapid W10 Swiss"]
[Site "chess.com INT"]
[Date "2022.04.16"]
[Round "6"]
[White "Nakamura,Hi"]
[Black "Xiong,Jeffery"]
[Result "1-0"]
[WhiteElo "2750"]
[BlackElo "2685"]

1.e4 c5 2.Nf3 d6 3.Bb5+ Nc6 4.d4 cxd4 5.Qxd4 a6 6.Bxc6+ bxc6 7.c4 e5 8.Qd3 Ne7
9.c5 d5 10.Nxe5 f6 11.Nf3 dxe4 12.Qxe4 Bf5 13.Qe3 Qd3 14.Nc3 O-O-O 15.Qxd3 Bxd3
16.Bd2 Nf5 17.b4 Re8+ 18.Kd1 g5 19.Ne1 Bc4 20.Na4 Kb7 21.Nb6 Bf7 22.Bc3 Be7
23.Nf3 Bd8 24.Re1 Bxb6 25.cxb6 Rxe1+ 26.Kxe1 Re8+ 27.Kf1 Bc4+ 28.Kg1 Re6
29.a4 Kxb6 30.a5+ Kc7 31.Re1 Kd7 32.Rxe6 Kxe6 33.g4 Nh4 34.Nd4+ Kd7 35.f3 Ng6
36.Nf5 Ke6 37.Kf2 Nf4 38.Nd4+ Kd7 39.Nf5 Nd5 40.Bd2 Bd3 41.Nd4 Bg6 42.Nb3 Kd6
43.Nc5 Nc7 44.h4 Ne6 45.hxg5 f5 46.gxf5 Bxf5 47.Nxa6 Bd3 48.Nc5 Nxc5 49.bxc5+ Kxc5
50.Ke3 Bc2 51.Kf4 Kd6 52.a6 Kc7 53.Be3  1-0

[Event "Chess.com Rapid Wk10 KO"]
[Site "chess.com INT"]
[Date "2022.04.17"]
[Round "1.1"]
[White "Nakamura,Hi"]
[Black "Xiong,Jeffery"]
[Result "1-0"]
[WhiteElo "2750"]
[BlackElo "2685"]

1.Nf3 d5 2.e3 Nf6 3.c4 e6 4.b3 b6 5.Bb2 Bb7 6.g3 Nbd7 7.Bg2 Nc5 8.d4 Nce4
9.O-O h5 10.Nbd2 Nxd2 11.Qxd2 dxc4 12.bxc4 c5 13.Rfd1 Qc7 14.d5 O-O-O 15.Qc2 Bd6
16.e4 Ng4 17.h3 Ne5 18.Ng5 exd5 19.cxd5 c4 20.Rac1 b5 21.f4 Ng6 22.e5 Bc5+
23.Kh1 h4 24.Qf5+ Kb8 25.g4 Ne7 26.d6 Qa5 27.Qc2 Nc6 28.Nxf7 Nb4 29.Qd2 Qxa2
30.Bxb7 Kxb7 31.Ra1 Qb3 32.Ra3 Qc2 33.Nxh8 Rxh8 34.e6 Qe4+ 35.Qg2 Qxg2+ 36.Kxg2 Nc2
37.Rf3 Kc6 38.d7 Rd8 39.Bxg7  1-0

[Event "Chess.com Rapid Wk10 KO"]
[Site "chess.com INT"]
[Date "2022.04.17"]
[Round "2.1"]
[White "Nakamura,Hi"]
[Black "Grischuk,A"]
[Result "0-1"]
[WhiteElo "2750"]
[BlackElo "2742"]

1.e4 e5 2.Nf3 Nc6 3.Bb5 Nf6 4.d3 Bc5 5.c3 O-O 6.O-O d6 7.Nbd2 Ne7 8.d4 exd4
9.cxd4 Bb6 10.a4 a6 11.Bd3 Nc6 12.d5 Nb4 13.Nc4 Bc5 14.Bb1 Re8 15.Re1 Bg4
16.Ra3 c6 17.h3 cxd5 18.exd5 Rxe1+ 19.Qxe1 Bh5 20.a5 Qe8 21.Qxe8+ Rxe8 22.Kf1 Nfxd5
23.g4 Bg6 24.Bxg6 hxg6 25.Rb3 f6 26.Bd2 Re4 27.Na3 Kf7 28.Ne1 Re7 29.Nc4 Re4
30.Na3 Re7 31.Nc4 Ke6 32.Ng2 Kd7 33.Nh4 Re4 34.Na3 g5 35.Nf5 g6 36.Ng3 Re8
37.Nb1 Kc6 38.Nc3 Nxc3 39.Bxc3 Nd5 40.Bd2 Bd4 41.Ne2 Be5 42.Ng1 Bf4 43.Be1 Re4
44.Nf3 Be5 45.Bd2 Rc4 46.Ke2 Rc5 47.h4 gxh4 48.Nxh4 g5 49.Nf5 Rb5 50.Rxb5 Kxb5
51.Kd3 Nb4+ 52.Ke4 d5+ 53.Kf3 Nc6 54.Ne3 Kc5 55.Nd1 Kc4 56.Ke2 Nd4+ 57.Kf1 Nb3
58.Be1 d4 59.Ke2 d3+ 60.Kf3 d2 61.Bxd2 Nxd2+ 62.Ke3 Bf4+ 63.Ke2 Nb3 64.Nc3 Nxa5
65.Ne4 Be5  0-1

[Event "Chess.com RCC Wk11 Swiss"]
[Site "chess.com INT"]
[Date "2022.04.23"]
[Round "1"]
[White "Matlakov,M"]
[Black "Nakamura,Hi"]
[Result "0-1"]
[WhiteElo "2674"]
[BlackElo "2750"]

1.d4 Nf6 2.c4 e6 3.Nf3 d5 4.g3 Be7 5.Bg2 O-O 6.Qc2 c5 7.dxc5 Qa5+ 8.Nc3 dxc4
9.O-O Qxc5 10.Bg5 Bd7 11.Rfd1 Bc6 12.Be3 Qh5 13.h3 Nbd7 14.g4 Qa5 15.Ng5 Rfd8
16.Bxc6 bxc6 17.Nce4 Nd5 18.Bd2 Qb6 19.Nxh7 f6 20.Ng3 Bc5 21.Rf1 Ne5 22.Nh5 Rab8
23.Rab1 Qc7 24.Kh1 Qf7 25.f4 Qg6 26.e4 Nd3 27.Qxc4 Qxh7 28.Qxd3 Nxf4 29.Qc2 Nxh5
30.gxh5 Qxh5 31.Bc3 Qxh3+ 32.Qh2 Qxh2+ 33.Kxh2 e5  0-1

[Event "Chess.com RCC Wk11 Swiss"]
[Site "chess.com INT"]
[Date "2022.04.23"]
[Round "2"]
[White "Nakamura,Hi"]
[Black "Fedoseev,Vl3"]
[Result "1/2-1/2"]
[WhiteElo "2750"]
[BlackElo "2701"]

1.Nf3 d5 2.e3 c5 3.b3 a6 4.Bb2 Nc6 5.d4 Nf6 6.dxc5 e6 7.c4 Bxc5 8.cxd5 exd5
9.Be2 O-O 10.O-O Re8 11.Nc3 Ba7 12.Qc2 Bg4 13.Rad1 Rc8 14.Qb1 Qa5 15.h3 d4
16.exd4 Bxf3 17.Bxf3 Nxd4 18.Rd3  1/2-1/2

[Event "Chess.com RCC Wk11 Swiss"]
[Site "chess.com INT"]
[Date "2022.04.23"]
[Round "3"]
[White "Sarana,A"]
[Black "Nakamura,Hi"]
[Result "1/2-1/2"]
[WhiteElo "2675"]
[BlackElo "2750"]

1.d4 d5 2.Nf3 Nf6 3.c4 e6 4.Nc3 Be7 5.g3 O-O 6.Bg2 b6 7.O-O Bb7 8.cxd5 Nxd5
9.Qc2 Nd7 10.Rd1 f5 11.a3 a5 12.Ne5 N7f6 13.Bg5 Rc8 14.Bxf6 Bxf6 15.Nxd5 Bxd5
16.Nc6 Bxc6 17.Qxc6 Qd6  1/2-1/2

[Event "Chess.com RCC Wk11 Swiss"]
[Site "chess.com INT"]
[Date "2022.04.23"]
[Round "4"]
[White "Nakamura,Hi"]
[Black "Vidit,S"]
[Result "1/2-1/2"]
[WhiteElo "2750"]
[BlackElo "2723"]

1.Nf3 d5 2.e3 c5 3.b3 a6 4.Bb2 Nc6 5.d4 Nf6 6.dxc5 e6 7.c4 dxc4 8.Qxd8+ Kxd8
9.Bxc4 Bxc5 10.Ke2 Ke7 11.Rc1 Bd6 12.Nbd2 Bd7 13.Bd3 Nb4 14.Bb1 Bb5+ 15.Nc4 Rac8
16.Nd2 Nc6 17.a4 Bxc4+ 18.Nxc4 Bb4 19.Bd3 Rhd8 20.h3 h5 21.Rc2 Bc5 22.Rd2 Nb4
23.Bb1 Rxd2+ 24.Kxd2 g6 25.Ke2 Nbd5 26.Bd3 Nb4 27.Bb1 g5 28.Bxf6+ Kxf6 29.Be4 b6
30.Rd1 Ke7 31.Ne5 Rc7 32.g4 h4 33.Rd2 f6 34.Ng6+ Ke8 35.f4 Rd7 36.Rb2 Rd8
37.fxg5 fxg5 38.Ne5 Ke7 39.Rb1 Kf6 40.Nc4 Na2 41.Rf1+ Ke7 42.Kf3 Rf8+ 43.Kg2 Rxf1
44.Kxf1 Nb4 45.Ke2 a5 46.Ne5 Bd6 47.Nf3 Kf6 48.Bb7 Bc5 49.e4 e5 50.Ne1 Bd4
51.Nd3 Nxd3 52.Kxd3  1/2-1/2

[Event "Chess.com RCC Wk11 Swiss"]
[Site "chess.com INT"]
[Date "2022.04.23"]
[Round "5"]
[White "Nakamura,Hi"]
[Black "Narayanan,SL"]
[Result "1-0"]
[WhiteElo "2750"]
[BlackElo "2662"]

1.Nf3 d5 2.e3 c5 3.b3 a6 4.Bb2 Nc6 5.d4 Nf6 6.dxc5 e6 7.c4 dxc4 8.Qxd8+ Kxd8
9.Bxc4 Bxc5 10.Ke2 Ke7 11.Rc1 Bd6 12.Nbd2 Bd7 13.Bd3 b5 14.Ne4 Nxe4 15.Bxe4 Rac8
16.Bxg7 Rhg8 17.Bb2 f5 18.Bxc6 Bxc6 19.g3 b4 20.Ne5 Bb5+ 21.Ke1 a5 22.Nf3 Bc6
23.Nd4 Bd7 24.Rd1 a4 25.bxa4 Bxa4 26.Rd2 Rgd8 27.a3 b3 28.Rad1 Bc7 29.Bc3 Bb6
30.Ne2 Rxd2 31.Rxd2 Bb5 32.Bb4+ Kf7 33.Nc3 Bc4 34.Na4 Bc7 35.f4 e5 36.Rd7+ Kg6
37.Nb2 Bf7 38.h4 h5 39.a4 exf4 40.exf4 Bb8 41.Nd3 Bc4 42.Bc3 Be6 43.Rg7+ Kh6
44.Re7 Bc4 45.Ne5 Bd5 46.Kd2 Bd6 47.Rd7 Bb4 48.Bxb4 b2 49.Be7 b1=N+ 50.Ke3  1-0

[Event "Chess.com RCC Wk11 Swiss"]
[Site "chess.com INT"]
[Date "2022.04.23"]
[Round "6"]
[White "Martinez Alcantara,Jose Eduardo"]
[Black "Nakamura,Hi"]
[Result "1/2-1/2"]
[WhiteElo "2598"]
[BlackElo "2750"]

1.e4 c6 2.d4 d5 3.e5 Bf5 4.h4 h5 5.Bd3 Bxd3 6.Qxd3 Qa5+ 7.b4 Qa6 8.e6 Qxd3
9.cxd3 fxe6 10.Nd2 e5 11.dxe5 e6 12.Rb1 Nh6 13.Ndf3 Nf5 14.Nh3 Na6 15.Bd2 Be7
16.Nf4 Kf7 17.g3 Nc7 18.a4 g6 19.O-O Rhc8 20.Rfc1 Na6 21.Kh2 Nb8 22.Rc2 Nd7
23.Rbc1 Rc7 24.a5 Rac8 25.d4 b6 26.Nd3 Ke8 27.Nf4 Kf7 28.Nd3 Ke8 29.Nf4 Kf7  1/2-1/2

[Event "Chess.com RCC Wk11 Swiss"]
[Site "chess.com INT"]
[Date "2022.04.23"]
[Round "7"]
[White "Nakamura,Hi"]
[Black "Andreikin,D"]
[Result "1-0"]
[WhiteElo "2750"]
[BlackElo "2729"]

1.Nf3 Nf6 2.b3 a5 3.c4 a4 4.b4 e5 5.Nxe5 Bxb4 6.a3 Ba5 7.g3 Nc6 8.Bb2 O-O
9.Bg2 Re8 10.Nf3 d5 11.cxd5 Nxd5 12.O-O Bg4 13.Qxa4 Bxf3 14.Bxf3 Bc3 15.Qb3 Nd4
16.Qxd5 Bxb2 17.Ra2 Nxe2+ 18.Kg2 Qf6 19.Bxe2 Rxe2 20.Qxb7 Rae8 21.Rxb2 h5
22.Nc3 Re1 23.Rxe1 Rxe1 24.h4 Qf5 25.Rb1  1-0

[Event "Chess.com RCC Wk11 Swiss"]
[Site "chess.com INT"]
[Date "2022.04.23"]
[Round "8"]
[White "Nepomniachtchi,I"]
[Black "Nakamura,Hi"]
[Result "0-1"]
[WhiteElo "2773"]
[BlackElo "2750"]

1.e4 e5 2.Nf3 Nc6 3.Bc4 Bc5 4.c3 Nf6 5.d3 d6 6.O-O a6 7.a4 Ba7 8.Re1 O-O
9.h3 h6 10.Nbd2 Re8 11.b4 Be6 12.Bxe6 Rxe6 13.Qc2 Qd7 14.Rb1 Rd8 15.b5 axb5
16.axb5 Ne7 17.d4 Ng6 18.Ra1 Bb6 19.Nc4 Qxb5 20.Nxb6 Qxb6 21.d5 Ree8 22.Be3 c5
23.Reb1 Qc7 24.Ra7 Re7 25.Nd2 Qb8 26.Qa2 b5 27.Rxe7 Nxe7 28.Qa5 b4 29.cxb4 cxb4
30.Rxb4 Qa8 31.Qxa8 Rxa8 32.Rb6 Ne8 33.Nc4 f5 34.Rb7 Kf8 35.f3 fxe4 36.fxe4 Ra4
37.Nxe5 Rxe4 38.Nd7+ Kg8 39.Bf2 Nxd5 40.Bg3 Re7 41.Rb8 Rxd7 42.Rxe8+ Kf7
43.Ra8 Nf6 44.Kf1 Ne4 45.Bh2 Rb7 46.Ke2 Rb2+ 47.Kf3 Nd2+ 48.Ke2 Ne4+ 49.Kf3 Ng5+
50.Kg3 Ke6 51.Bg1 Rb3+ 52.Kf4 Rb2 53.Kg3 Rb4 54.Ra7 g6 55.Be3 Nf7 56.Ra8 h5
57.Re8+ Kf6 58.Rf8 d5 59.Kf3 Ke6 60.Re8+ Kd7 61.Ra8 Ne5+ 62.Ke2 Rb2+ 63.Kf1 Nc4
64.Bf4 Ke6 65.g4 hxg4 66.hxg4 Nd2+ 67.Bxd2 Rxd2 68.Ra6+ Kf7 69.g5 Rd4 70.Rf6+ Kg7
71.Rd6 Rf4+ 72.Ke2 Rf5 73.Ke3 Rxg5 74.Kf4 Rf5+ 75.Kg4 Kf7 76.Kg3 g5 77.Kg4 Re5
78.Rh6 Ke7 79.Kf3 d4 80.Rg6 d3 81.Kf2 d2  0-1

[Event "Chess.com RCC Wk11 KO"]
[Site "chess.com INT"]
[Date "2022.04.24"]
[Round "1.1"]
[White "Nakamura,Hi"]
[Black "Martinez Alcantara,Jose Eduardo"]
[Result "1-0"]
[WhiteElo "2750"]
[BlackElo "2598"]

1.Nf3 c5 2.b3 d5 3.e3 a6 4.Bb2 Nc6 5.d4 cxd4 6.Nxd4 Nxd4 7.Qxd4 Nf6 8.Bd3 g6
9.O-O Bg7 10.Qh4 O-O 11.Nd2 Bf5 12.Bxf5 gxf5 13.c4 e6 14.Nf3 Rc8 15.Rad1 Ne4
16.Bxg7 Qxh4 17.Nxh4 Kxg7 18.cxd5 Nc3 19.dxe6 Nxd1 20.e7 Rfe8 21.Rxd1 Kf6
22.g3 Rxe7 23.Rd2 Rc6 24.Kg2 Rec7 25.Rd5 Rc2 26.Rxf5+ Ke6 27.Ra5 Rb2 28.Nf3 Kf6
29.Nd4 Rc1 30.a4 Re1 31.Rf5+ Ke7 32.Rf3 Rbb1 33.h4 Rb2 34.g4 Rbb1 35.Kg3 Rh1
36.Kf4 Kf8 37.h5 Rbc1 38.e4 Rhd1 39.Nf5 b5 40.axb5 axb5 41.b4 Ke8 42.Ra3 Ra1
43.Nd6+ Kf8 44.Rxa1 Rxa1 45.Nxb5 Rb1 46.Nd6 Rxb4 47.Kf5 h6 48.e5 Ra4 49.f4 Rb4
50.g5 hxg5 51.Kxg5 Ra4 52.f5 Kg7 53.h6+ Kh7 54.Nxf7 Ra8 55.e6 Ra1 56.Kf6 Ra7
57.Nd6  1-0

[Event "Chess.com RCC Wk11 KO"]
[Site "chess.com INT"]
[Date "2022.04.24"]
[Round "2.1"]
[White "Nakamura,Hi"]
[Black "Esipenko,Andrey"]
[Result "0-1"]
[WhiteElo "2750"]
[BlackElo "2723"]

1.Nf3 d5 2.b3 Bf5 3.e3 e6 4.Bb2 h6 5.g3 Nf6 6.Bg2 Bd6 7.d3 Nbd7 8.Nbd2 O-O
9.O-O e5 10.e4 dxe4 11.dxe4 Nxe4 12.Nh4 Nxd2 13.Qxd2 Bh7 14.Bxb7 Rb8 15.Bg2 f5
16.Rad1 f4 17.Qe2 Qe7 18.Bd5+ Kh8 19.Be4 Rf6 20.Bxh7 Kxh7 21.Nf3 Re8 22.Nd2 Qf7
23.Ne4 Rg6 24.Kh1 Kh8 25.c4 Nc5 26.f3 Nxe4 27.fxe4 Qe6 28.Rd3 fxg3 29.Rg1 gxh2
30.Rxg6 Qxg6 31.Qg2 Qh5 32.Bc1 Rf8 33.Be3 Rf7 34.Bxa7 Rf4 35.Be3 Rg4 36.Qf3 Qg6
37.c5 Be7 38.Bf2 Rf4 39.Qe2 Bh4 40.Rf3 Bxf2  0-1

[Event "Chess.com RCC Wk12 Swiss"]
[Site "chess.com INT"]
[Date "2022.04.30"]
[Round "1"]
[White "Nakamura,Hi"]
[Black "Erigaisi,Arjun"]
[Result "1-0"]
[WhiteElo "2750"]
[BlackElo "2675"]

1.Nf3 Nf6 2.b3 c5 3.Bb2 d6 4.d4 cxd4 5.Qxd4 g6 6.g3 Bg7 7.Qd1 O-O 8.Bg2 Nc6
9.O-O Bf5 10.c4 Bxb1 11.Qxb1 Qb6 12.e3 Rfd8 13.Nd4 d5 14.Nxc6 bxc6 15.Qc2 a5
16.Rab1 e6 17.Rfc1 Nd7 18.Bxg7 Kxg7 19.a3 Qb8 20.b4 axb4 21.axb4 Ne5 22.cxd5 exd5
23.b5 cxb5 24.Rd1 Qb6 25.Rxd5 Rxd5 26.Bxd5 Rb8 27.Qe4 Qf6 28.Kg2 h5 29.h3 Rb6
30.Rc1 b4 31.Rc7 Qd6 32.Ra7 b3 33.f4 b2 34.fxe5 b1=Q 35.Rxf7+ Kg8 36.Rf1+  1-0

[Event "Chess.com RCC Wk12 Swiss"]
[Site "chess.com INT"]
[Date "2022.04.30"]
[Round "2"]
[White "Kovalev,Vl"]
[Black "Nakamura,Hi"]
[Result "1/2-1/2"]
[WhiteElo "2623"]
[BlackElo "2750"]

1.e4 e5 2.Nf3 Nc6 3.Nc3 Nf6 4.d4 exd4 5.Nxd4 Bb4 6.Nxc6 bxc6 7.Bd3 O-O 8.O-O d5
9.exd5 Bg4 10.f3 Bh5 11.Bg5 Bxc3 12.bxc3 cxd5 13.Qd2 Qd6 14.Kh1 Bg6 15.Rad1 Rfe8
16.c4 Bxd3 17.Qxd3 dxc4 18.Qxc4 Qe6 19.Rd4 h6 20.Qxe6 Rxe6 21.Bxf6 Rxf6 22.Rc4 c6
23.h3 Rd8 24.Rf2 Re6  1/2-1/2

[Event "Chess.com RCC Wk12 Swiss"]
[Site "chess.com INT"]
[Date "2022.04.30"]
[Round "3"]
[White "Nakamura,Hi"]
[Black "Vidit,S"]
[Result "1/2-1/2"]
[WhiteElo "2750"]
[BlackElo "2723"]

1.Nf3 Nf6 2.b3 d5 3.e3 c5 4.Bb2 a6 5.d4 Nc6 6.dxc5 e6 7.c4 Bxc5 8.cxd5 exd5
9.Be2 O-O 10.O-O Ba7 11.Nc3 d4 12.exd4 Nxd4 13.Nxd4 Bxd4 14.Bf3 Rb8 15.Qd2 Bg4
16.Bxg4 Nxg4 17.Qf4 Qf6 18.Qg3 Rbd8 19.Ne4 Qf5 20.Bxd4 Rxd4 21.Nd6 Qd5 22.Nc4 b5
23.Ne3 Nxe3 24.Qxe3 h6 25.h3 Rc8 26.Rac1 Rxc1 27.Qxc1 a5 28.Re1 Qd7 29.Qc3 a4
30.bxa4 bxa4 31.Re8+ Qxe8 32.Qxd4 Qc6 33.Qd8+ Kh7 34.Qd3+ Kg8 35.Qd8+ Kh7
36.Qd3+ Kg8 37.Qd8+  1/2-1/2

[Event "Chess.com RCC Wk12 Swiss"]
[Site "chess.com INT"]
[Date "2022.04.30"]
[Round "4"]
[White "Nakamura,Hi"]
[Black "Martinez Alcantara,Jose Eduardo"]
[Result "1-0"]
[WhiteElo "2750"]
[BlackElo "2598"]

1.Nf3 c5 2.e3 d5 3.b3 a6 4.Bb2 Nc6 5.d4 cxd4 6.Nxd4 Nxd4 7.Qxd4 Nf6 8.c4 Be6
9.cxd5 Bxd5 10.Nc3 Bc6 11.Qh4 e6 12.Be2 Nd5 13.Qxd8+ Rxd8 14.Nxd5 Bxd5 15.f3 Bc6
16.Kf2 f6 17.Rhc1 Be7 18.Rc2 Kf7 19.Rac1 Rd7 20.Bd4 Bb5 21.a4 Bxe2 22.Kxe2 Ba3
23.Rc8 Bxc1 24.Rxh8 e5 25.Bc3 Rc7 26.Bb4 Rc2+ 27.Kd1 Rc7 28.e4 Be3 29.h4 Bf4
30.h5 Rc1+ 31.Ke2 Rb1 32.Rf8+ Ke6 33.Re8+ Kd7 34.Re7+ Kc6 35.Rxg7 Rxb3 36.Be7 Bg5
37.Rxh7 Rb2+ 38.Kf1 b5 39.axb5+ axb5 40.Bxf6 Bxf6 41.Rh6 b4 42.Rxf6+ Kc5
43.Rf8 b3 44.Rb8 Kc4 45.Kg1 Ra2 46.g4 Ra7 47.g5 Kc3 48.g6  1-0

[Event "Chess.com RCC Wk12 Swiss"]
[Site "chess.com INT"]
[Date "2022.04.30"]
[Round "5"]
[White "Nepomniachtchi,I"]
[Black "Nakamura,Hi"]
[Result "1/2-1/2"]
[WhiteElo "2773"]
[BlackElo "2750"]

1.e4 e5 2.Nf3 Nc6 3.Bc4 Bc5 4.O-O Nf6 5.d3 d6 6.c3 a6 7.a4 Ba7 8.Re1 O-O
9.h3 h6 10.Nbd2 Re8 11.b4 Be6 12.Bxe6 Rxe6 13.Qc2 Qd7 14.Rb1 Rd8 15.b5 Ne7
16.d4 Ng6 17.d5 Ree8 18.Nc4 Bc5 19.bxa6 b6 20.a5 b5 21.Na3 Ra8 22.Nxb5 Rxa6
23.c4 Rxa5 24.Bd2 Raa8 25.Be3 Bxe3 26.Rxe3 c6 27.dxc6 Qxc6 28.Rd1 Red8 29.g3 Nf8
30.Red3 Qxe4 31.Qb3 Qb7 32.Rxd6 Rxd6 33.Rxd6 N8d7 34.Rd1 Qc6 35.Nd6 e4 36.Nh4 Qa4
37.Qxa4 Rxa4 38.Nhf5 Ne5 39.c5 Ra2 40.Nd4 e3 41.fxe3 Nd5 42.c6 Nxc6 43.Nxc6 Nxe3
44.Re1 Rg2+ 45.Kh1 Rxg3 46.Kh2 Rg2+ 47.Kh1 Rg3  1/2-1/2

[Event "Chess.com RCC Wk12 Swiss"]
[Site "chess.com INT"]
[Date "2022.04.30"]
[Round "6"]
[White "Nakamura,Hi"]
[Black "Abdusattorov,Nodirbek"]
[Result "1/2-1/2"]
[WhiteElo "2750"]
[BlackElo "2661"]

1.Nf3 g6 2.d4 Nf6 3.b3 Bg7 4.Bb2 O-O 5.e3 b6 6.Be2 Bb7 7.O-O d5 8.c4 Nbd7
9.Nc3 c5 10.cxd5 Nxd5 11.Nxd5 Bxd5 12.Rc1 Bb7 13.Qc2 Rc8 14.Qb1 Rc7 15.Rfd1 cxd4
16.Nxd4 Rxc1 17.Qxc1 Qc8 18.b4 Ne5 19.b5 Qa8 20.Bf1 Rc8 21.Qa1 Nc4 22.Bc3 Nd6
23.a4 a6 24.Qb2 axb5 25.axb5 Bd5 26.Qb4 Qb7 27.Bb2 Bc4 28.Nc6 Bxf1 29.Kxf1 Bxb2
30.Qxb2 Nxb5 31.Nxe7+ Qxe7 32.Qxb5 Qc5 33.Qxc5 Rxc5 34.Rd7 Rc2 35.Rb7 Rb2
36.g4 h6 37.Kg2 b5 38.h4 b4 39.h5 gxh5 40.gxh5 Kg7 41.Rb6 b3 42.Kg3 Rb1 43.Kf4 b2
44.f3 Kh7 45.e4 Kg7 46.e5 Kf8 47.Rb8+ Kg7 48.Rb3 Kf8 49.Rb7 Kg8 50.Rb6 Kg7
51.Rb8 Kh7 52.Rb7 Kg8 53.Rb5 Kg7 54.Rb8 Kh7 55.Kf5 Rf1 56.Rxb2 Rxf3+ 57.Kg4 Rf1
58.Rb7 Kg8 59.Rb8+ Kg7 60.Rb7 Kf8 61.Rb8+ Kg7 62.Rb7 Rg1+ 63.Kf4 Kf8 64.Rb8+ Kg7
65.Rb7 Kf8 66.Rb8+ Kg7 67.Rb7  1/2-1/2